000 00599nam a2200217Ia 4500
005 20250508162044.0
008 008 250505s9999 xx 000 0 eng d
020 _a0-7100-7568-5
037 _aTextual
040 _aFEDL
_beng
_cFEDL
041 _aeng
_2eng
084 _a155.413, PIA
_qFEDL
100 _aPiaget Jean
245 0 _aMemory and intelligence
260 _aLondon, UK
_bRoutledge and Kegan Paul
_c1973
300 _axii,414p.
650 _aChild Psychology
700 _a Inhelder Barbel
_9772175
942 _cTEXL
_h155.413, PIA
999 _c1374104
_d1374104